000 00595nam a2200253Ia 4500
005 20260121161106.0
008 008 260114s9999 xx 000 0 eng d
020 _a9781410603760
037 _aEBOOK
040 _aCRL
040 _beng
040 _cCRL
041 _2eng
041 _aeng
084 _qCRL
100 _a William F. Pinar
_91040095
245 0 _aQueer Theory in Education
260 _bTaylor and Francis
260 _c1998
856 _uhttp://www.taylorfrancis.com/books/9781410603760
942 _cEBOOK
999 _c1606911
_d1606911